[Event "II Weekend Lago Maggiore"]
[Site "Leggiuno ITA"]
[Date "2015.05.10"]
[Round "4"]
[White "Tomassoni, Leonardo"]
[Black "Bolognese, Leonardo"]
[WhiteElo "1807"]
[BlackElo "1569"]
[Result "1/2-1/2"]
[PlyCount "141"]
[EventDate "2015.05.08"]

1. e4 e5 2. Nf3 Nc6 3. Bb5 Nge7 4. O-O g6 5. d4 exd4 6. Nxd4 Bg7 7. Be3 a6 8.
Be2 O-O 9. Nc3 b5 10. Bf3 Ne5 11. Be2 Bb7 12. f4 N5c6 13. Bf3 Na5 14. Qc1 Nec6
15. e5 f6 16. Nxc6 Bxc6 17. Bc5 Re8 18. Bxc6 Nxc6 19. exf6 Qxf6 20. Qd2 Qf5 21.
Bf2 Rac8 22. Rad1 d6 23. Rfe1 Rf8 24. Nd5 Bxb2 25. c3 Ba3 26. Re7 Rf7 27. Rde1
Nxe7 28. Nxe7+ Rxe7 29. Rxe7 Bc5 30. Bd4 Bxd4+ 31. Qxd4 Qc5 32. Qxc5 dxc5 33.
Kf2 c4 34. Ke2 a5 35. Kd2 b4 36. Kc2 c5 37. Re4 Rb8 38. Rxc4 bxc3 39. Kxc3 Rb5
40. Re4 Kg7 41. g3 Kf6 42. Re8 Rb4 43. Re5 Ra4 44. Kb3 Rb4+ 45. Kc3 Rb5 46. a3
a4 47. Kc2 Rb3 48. Rxc5 Rxa3 49. Kb2 Rf3 50. Ka2 Rf2+ 51. Ka3 Rxh2 52. Kxa4 Rg2
53. Rc3 Kf5 54. Rc7 h5 55. Rc5+ Kf6 56. Rc6+ Kg7 57. Rc3 h4 58. gxh4 Rg4 59.
Rf3 Rxh4 60. Kb3 Kf6 61. Kc2 Kf5 62. Kd2 Rxf4 63. Ke3 Rxf3+ 64. Kxf3 Kg5 65.
Kg3 Kf5 66. Kf3 g5 67. Kg3 g4 68. Kg2 Kf4 69. Kf2 g3+ 70. Kg2 Kg4 71. Kg1
1/2-1/2

[Event "II Weekend Lago Maggiore"]
[Site "Leggiuno ITA"]
[Date "2015.05.10"]
[Round "5"]
[White "Bolognese, Leonardo"]
[Black "Brioschi, Camillo"]
[WhiteElo "1569"]
[BlackElo "1790"]
[Result "0-1"]
[PlyCount "88"]
[EventDate "2015.05.08"]

1. d4 d5 2. c4 e6 3. Nc3 Nf6 4. Bg5 Be7 5. Nf3 O-O 6. e3 h6 7. Bh4 b6 8. Bd3
dxc4 9. Bxc4 Bb7 10. O-O Nbd7 11. Re1 Nd5 12. Bxe7 Qxe7 13. Nxd5 Bxd5 14. Qd3
Bxc4 15. Qxc4 c5 16. Rad1 Rac8 17. Qa6 Rc7 18. Qc4 Nf6 19. Rc1 Rfc8 20. Qd3 c4
21. Qc2 Qb4 22. Qc3 Nd5 23. Qxb4 Nxb4 24. Red1 Nxa2 25. Ra1 Nb4 26. Ne1 a5 27.
Rac1 Nd3 28. Nxd3 cxd3 29. Rxc7 Rxc7 30. g3 Rc2 31. Rxd3 Rxb2 32. d5 exd5 33.
Rxd5 Rb1+ 34. Kg2 b5 35. Rd8+ Kh7 36. Ra8 a4 37. Ra5 Rb3 38. e4 a3 39. Kh3 b4
40. f4 Rb2 41. e5 a2 42. f5 b3 43. e6 fxe6 44. fxe6 Re2 0-1

[Event "II Weekend Lago Maggiore"]
[Site "Leggiuno ITA"]
[Date "2015.05.10"]
[Round "5"]
[White "Buzio, Alberto"]
[Black "Erdelyi, Tamas"]
[WhiteElo "1815"]
[BlackElo "2101"]
[Result "1/2-1/2"]
[PlyCount "86"]
[EventDate "2015.05.08"]

1. e4 c5 2. Nf3 e6 3. d4 cxd4 4. Nxd4 a6 5. Be2 b5 6. a4 b4 7. c3 Bb7 8. Qc2
Nf6 9. Bf3 d5 10. exd5 Bxd5 11. O-O Nbd7 12. cxb4 Bxf3 13. Nxf3 Bxb4 14. Bg5
Rc8 15. Qe2 Qa5 16. Nbd2 O-O 17. Nb3 Qd5 18. Nbd4 Ne4 19. Be3 a5 20. Rfd1 Ndf6
21. h3 h6 22. Nb5 Qh5 23. Rac1 Nd5 24. Nbd4 Nc5 25. Bd2 Nxa4 26. Bxb4 axb4 27.
Rxc8 Rxc8 28. Nxe6 Nab6 29. Ned4 Qg6 30. Qe5 Qf6 31. Qxf6 Nxf6 32. Nf5 Nbd5 33.
N3d4 Ra8 34. Re1 Ra2 35. Re2 Nf4 36. Rc2 h5 37. Nd6 Ra7 38. Rc4 Rd7 39. N4b5
N4d5 40. Rd4 Re7 41. Kf1 g6 42. g3 Re6 43. Rd2 Nb6 1/2-1/2

[Event "II Weekend Lago Maggiore"]
[Site "Leggiuno ITA"]
[Date "2015.05.10"]
[Round "5"]
[White "Ciochetta, Giovanni"]
[Black "Sidoti, Gaetano"]
[WhiteElo "1614"]
[BlackElo "1326"]
[Result "1-0"]
[PlyCount "101"]
[EventDate "2015.05.08"]

1. e4 e5 2. Nf3 Nf6 3. Nc3 Nc6 4. Bc4 Bc5 5. O-O O-O 6. a3 a6 7. d3 b5 8. Bd5
Bb7 9. Bxc6 dxc6 10. Nxe5 Bd4 11. Nf3 Bxc3 12. bxc3 h6 13. h3 c5 14. Re1 Bxe4
15. dxe4 Qxd1 16. Rxd1 Nxe4 17. Bb2 Rfb8 18. Re1 Nd6 19. Re7 Nc4 20. Rb1 Ra7
21. Ne5 Nxe5 22. Rxe5 c4 23. Bc1 Rab7 24. Be3 f6 25. Rd5 Kh7 26. Rbd1 a5 27.
Rd7 b4 28. cxb4 axb4 29. axb4 Rxb4 30. Rxc7 Rb1 31. Rxb1 Rxb1+ 32. Kh2 Rb4 33.
Bc5 Rb2 34. c3 Rb8 35. Bd4 Kg6 36. Rxc4 Rb2 37. Rc7 Rc2 38. c4 Kh5 39. c5 g5
40. Rf7 g4 41. hxg4+ Kxg4 42. Rxf6 Kg5 43. Rb6 h5 44. Rb5 Kf4 45. Be3+ Ke4 46.
Kg3 Rc4 47. Kh4 Kf5+ 48. Kxh5 Kf6 49. g4 Re4 50. g5+ Kf5 51. c6+ 1-0

[Event "II Weekend Lago Maggiore"]
[Site "Leggiuno ITA"]
[Date "2015.05.10"]
[Round "5"]
[White "D'Aulisa, Francesco"]
[Black "Schneider, Antonio"]
[WhiteElo "1775"]
[BlackElo "1837"]
[Result "0-1"]
[PlyCount "64"]
[EventDate "2015.05.08"]

1. e4 g6 2. d4 Bg7 3. Nf3 d6 4. h3 c5 5. Bb5+ Nd7 6. O-O cxd4 7. Nxd4 Ngf6 8.
Qe2 O-O 9. Nf3 a6 10. Bc4 b5 11. Bd3 Bb7 12. Nh2 Nc5 13. f3 Nh5 14. Qf2 Ne6 15.
c3 Be5 16. Be3 Bg3 17. Qd2 Nhf4 18. Bc2 h5 19. Na3 Rc8 20. Bb3 Kh7 21. Nc2 Qd7
22. Bf2 Bxf2+ 23. Rxf2 Rc5 24. Rd1 f5 25. exf5 Rcxf5 26. Nd4 Nxd4 27. Qxd4 R8f6
28. Nf1 Rg5 29. Kh2 Bc8 30. Ng3 h4 31. Ne4 Rxg2+ 32. Rxg2 Qxh3+ 0-1

[Event "II Weekend Lago Maggiore"]
[Site "Leggiuno ITA"]
[Date "2015.05.10"]
[Round "5"]
[White "Fattorelli, Luciano"]
[Black "Sotgia, Cosimo"]
[WhiteElo "1880"]
[BlackElo "1887"]
[Result "1-0"]
[PlyCount "73"]
[EventDate "2015.05.08"]

1. c4 e6 2. Nf3 d5 3. e3 c6 4. b3 Bd6 5. Bb2 f6 6. d4 Ne7 7. Bd3 O-O 8. O-O Nd7
9. Nbd2 e5 10. e4 exd4 11. exd5 cxd5 12. cxd5 Nxd5 13. Nxd4 Ne5 14. Be4 Nf4 15.
N2f3 f5 16. Bc2 Qf6 17. Nb5 Nxf3+ 18. Qxf3 Be5 19. Bxe5 Qxe5 20. Rfe1 Qxb5 21.
Qxf4 Qd7 22. Rad1 Qf7 23. Bd3 Kh8 24. Bc4 Qf6 25. Rd6 Qc3 26. Red1 a5 27. Rd8
Qf6 28. Rxf8+ Qxf8 29. Qc7 Be6 30. Bxe6 Re8 31. Bc4 Qf6 32. Qd7 Qe5 33. Qd5 Qb2
34. Qxb7 Qc2 35. Qd5 f4 36. a4 f3 37. Qxf3 1-0

[Event "II Weekend Lago Maggiore"]
[Site "Leggiuno ITA"]
[Date "2015.05.10"]
[Round "5"]
[White "Lyabel, Giacomo"]
[Black "Cova, Ennio"]
[WhiteElo "1545"]
[BlackElo "1622"]
[Result "1/2-1/2"]
[PlyCount "44"]
[EventDate "2015.05.08"]

1. d4 Nf6 2. c4 e5 3. e3 exd4 4. exd4 Bb4+ 5. Bd2 Qe7+ 6. Qe2 Bxd2+ 7. Nxd2
Qxe2+ 8. Bxe2 O-O 9. Bd3 d5 10. Ne2 Nc6 11. a3 Re8 12. O-O Bg4 13. f3 Re3 14.
Nc1 Bh5 15. cxd5 Nxd5 16. Be4 Nf6 17. Nc4 Rxe4 18. fxe4 Nxd4 19. Nd2 Re8 20.
Ncb3 Ne2+ 21. Kf2 Nxe4+ 22. Nxe4 Rxe4 1/2-1/2

[Event "II Weekend Lago Maggiore"]
[Site "Leggiuno ITA"]
[Date "2015.05.10"]
[Round "5"]
[White "Medici, Simone"]
[Black "Fregonese, Giulio"]
[WhiteElo "2091"]
[BlackElo "2061"]
[Result "1-0"]
[PlyCount "38"]
[EventDate "2015.05.08"]

1. d4 Nf6 2. c4 c5 3. e3 g6 4. Nf3 Bg7 5. Nc3 cxd4 6. exd4 d5 7. h3 O-O 8. Be3
Nc6 9. Rc1 Bf5 10. a3 dxc4 11. Bxc4 Ne4 12. O-O Rc8 13. b4 Nxc3 14. Rxc3 Be4
15. Ng5 Bd5 16. Bxd5 Qxd5 17. Rc5 Qd7 18. d5 b6 19. Rxc6 Rxc6 1-0

[Event "II Weekend Lago Maggiore"]
[Site "Leggiuno ITA"]
[Date "2015.05.10"]
[Round "5"]
[White "Modaffari, Giuseppe"]
[Black "Centofante, Maria Rosa"]
[WhiteElo "1543"]
[BlackElo "1488"]
[Result "1-0"]
[PlyCount "85"]
[EventDate "2015.05.08"]

1. e4 d5 2. exd5 Qxd5 3. Nc3 Qa5 4. d3 c6 5. Nf3 Nf6 6. Be2 Bg4 7. O-O e6 8.
Bd2 Qc7 9. Re1 Bd6 10. g3 Nbd7 11. Ng5 Bxe2 12. Qxe2 O-O 13. Nce4 Rfe8 14. Nxd6
Qxd6 15. a3 h6 16. Nf3 Nd5 17. c4 N5f6 18. Bc3 c5 19. Ne5 Qf8 20. b4 Nxe5 21.
Qxe5 Nd7 22. Qc7 Red8 23. Qxb7 Nb6 24. Qe4 Rd7 25. bxc5 Qxc5 26. Bb4 Qd4 27.
Qxd4 Rxd4 28. Rad1 Rad8 29. Re3 Na4 30. Rd2 a6 31. Kf1 Rb8 32. Ke2 a5 33. Bxa5
Rb3 34. Bb4 Nc3+ 35. Bxc3 Rxc3 36. Ra2 Kf8 37. a4 Rd7 38. a5 Ke7 39. a6 Ra7 40.
Re5 Kd6 41. Rb5 Kc6 42. Kd2 Rxc4 43. dxc4 1-0

[Event "II Weekend Lago Maggiore"]
[Site "Leggiuno ITA"]
[Date "2015.05.10"]
[Round "5"]
[White "Nai, Giovanni"]
[Black "Benazzo, Angelo"]
[WhiteElo "1801"]
[BlackElo "1692"]
[Result "1-0"]
[PlyCount "123"]
[EventDate "2015.05.08"]

1. e4 c5 2. Nf3 d6 3. d4 cxd4 4. Nxd4 Nf6 5. Nc3 a6 6. Bg5 Nbd7 7. Be2 g6 8.
Qd2 h6 9. Be3 Bg7 10. O-O-O b5 11. f3 Ne5 12. g4 Nc4 13. Bxc4 bxc4 14. Qe2 Qc7
15. g5 hxg5 16. Bxg5 Bh6 17. Bxh6 Rxh6 18. Qe3 Rh5 19. Nde2 Bb7 20. Ng3 Rc5 21.
f4 O-O-O 22. Rd2 Nd7 23. Rhd1 Bc6 24. f5 Ne5 25. fxg6 fxg6 26. Nge2 Ng4 27. Qg1
Qd7 28. h3 Ne5 29. Qe3 Rh8 30. Ng1 a5 31. Qxc5 dxc5 32. Rxd7 Bxd7 33. Rd5 Rh5
34. Rxc5+ Kd8 35. Rd5 Ke8 36. Nce2 Be6 37. Rd1 g5 38. Kd2 Bxh3 39. Ng3 Rh4 40.
Kc3 Be6 41. Kd4 Nc6+ 42. Kc3 Rg4 43. N1e2 Rh4 44. Rh1 Kd7 45. a3 Kd6 46. Kd2
Kc5 47. Ke3 Bg4 48. Nc3 e6 49. Rxh4 gxh4 50. Nf1 e5 51. Nh2 Be6 52. Ne2 Nd4 53.
c3 Nxe2 54. Kxe2 Kd6 55. Kf2 h3 56. Kg3 Bf7 57. Nf3 Be6 58. Ng5 Bd7 59. Nxh3
Bxh3 60. Kxh3 a4 61. Kg4 Ke6 62. Kg5 1-0

[Event "II Weekend Lago Maggiore"]
[Site "Leggiuno ITA"]
[Date "2015.05.10"]
[Round "5"]
[White "Picchi, Luciano Enrico"]
[Black "Tomassoni, Leonardo"]
[WhiteElo "1586"]
[BlackElo "1807"]
[Result "0-1"]
[PlyCount "86"]
[EventDate "2015.05.08"]

1. e4 c5 2. c4 d6 3. Nc3 Nf6 4. g3 Nc6 5. Bg2 g6 6. Nge2 Bg7 7. d3 O-O 8. O-O
Bg4 9. f3 Bd7 10. Bd2 Qc8 11. Re1 Ne5 12. Be3 Bh3 13. Bh1 h5 14. Nf4 Be6 15.
Nxe6 fxe6 16. Rc1 a6 17. b3 Nc6 18. Ne2 e5 19. Bg2 Kh7 20. Kh1 Rb8 21. Bd2 b5
22. Rf1 Nb4 23. Bxb4 cxb4 24. cxb5 Qb7 25. bxa6 Qxa6 26. Rc2 Rfc8 27. Rxc8 Rxc8
28. Qb1 Ra8 29. Nc1 Bh6 30. f4 Rc8 31. Ne2 Ra8 32. Nc1 Ng4 33. Bh3 Ne3 34. Rf2
Nd1 35. Rf1 Nc3 36. Qb2 exf4 37. gxf4 Qb6 38. Qf2 Qxf2 39. Rxf2 e5 40. Ne2 Rxa2
41. Bf1 Bxf4 42. Rg2 Ra1 43. Rf2 Nxe2 0-1

[Event "II Weekend Lago Maggiore"]
[Site "Leggiuno ITA"]
[Date "2015.05.10"]
[Round "5"]
[White "Rodolfo Masera, Giovanni Luca"]
[Black "Boschetti, Claudio"]
[WhiteElo "1908"]
[BlackElo "2109"]
[Result "0-1"]
[PlyCount "52"]
[EventDate "2015.05.08"]

1. d4 Nf6 2. c4 e5 3. dxe5 Ng4 4. Nf3 Bc5 5. e3 Nc6 6. Be2 O-O 7. O-O Re8 8.
Nc3 Ngxe5 9. Nxe5 Nxe5 10. b3 a5 11. Bb2 Ra6 12. Nd5 Rh6 13. g3 d6 14. Nf4 Bd7
15. Bxe5 dxe5 16. Nd5 Bh3 17. Re1 Qc8 18. Bf3 c6 19. Nc3 f5 20. Qc2 e4 21. Be2
Qe6 22. Bf1 Bxf1 23. Rxf1 f4 24. exf4 Qh3 25. Rfe1 Qxh2+ 26. Kf1 e3 0-1

[Event "II Weekend Lago Maggiore"]
[Site "Leggiuno ITA"]
[Date "2015.05.10"]
[Round "5"]
[White "Rossi, Emanuele"]
[Black "Castiglioni, Fabrizio"]
[WhiteElo "1630"]
[BlackElo "1782"]
[Result "0-1"]
[PlyCount "86"]
[EventDate "2015.05.08"]

1. e4 c5 2. d4 cxd4 3. c3 d3 4. Bxd3 e5 5. Nf3 Nc6 6. Be3 Nf6 7. Nbd2 Be7 8.
O-O O-O 9. h3 d6 10. Nh2 Be6 11. Ndf3 d5 12. Qc2 d4 13. Bg5 Rc8 14. Qe2 Nh5 15.
Bxe7 Qxe7 16. Qd2 Nf4 17. cxd4 Nxd3 18. Qxd3 exd4 19. a3 Rfd8 20. Nd2 Ne5 21.
Qg3 Nc4 22. Nxc4 Rxc4 23. Rac1 Qc5 24. Nf3 Rxc1 25. Rxc1 Qxc1+ 26. Kh2 h6 27.
Qh4 Qc7+ 28. g3 d3 29. Nd2 Kf8 30. e5 Rd7 31. Qb4+ Ke8 32. Qf4 Qc2 33. g4 Qxb2
34. g5 Qd4 35. Qg3 hxg5 36. f3 Qf4 37. Qxf4 gxf4 38. h4 Rd4 39. Kg2 Ra4 40. Kf2
Rxa3 41. Ne4 Ra2+ 42. Ke1 Re2+ 43. Kd1 Rxe4 0-1

[Event "II Weekend Lago Maggiore"]
[Site "Leggiuno ITA"]
[Date "2015.05.10"]
[Round "5"]
[White "Stefanetti, Marco"]
[Black "Angelini, Marco"]
[WhiteElo "2121"]
[BlackElo "2218"]
[Result "0-1"]
[PlyCount "90"]
[EventDate "2015.05.08"]

1. e4 c5 2. Nc3 e6 3. Nge2 Nc6 4. g3 g6 5. Bg2 Bg7 6. f4 d6 7. O-O Nge7 8. d3
O-O 9. Kh1 Rb8 10. Nb1 b6 11. Nd2 Bb7 12. Nf3 Qd7 13. Nh4 f5 14. exf5 exf5 15.
Nf3 h6 16. c3 Kh7 17. Be3 Rfe8 18. Bg1 Ng8 19. Qc2 Nf6 20. Rfe1 Qf7 21. a3 Re7
22. Bf2 Ng4 23. Neg1 Nxf2+ 24. Qxf2 Rbe8 25. Rxe7 Rxe7 26. Re1 Bf6 27. Rxe7
Qxe7 28. Nd2 Kg7 29. Nc4 Qd7 30. Ne3 Ne7 31. Bxb7 Qxb7+ 32. Qf3 Qxf3+ 33. Nxf3
Kf7 34. Kg2 Ke6 35. Kf2 b5 36. Ke2 Nd5 37. Nxd5 Kxd5 38. Kd2 a5 39. Nh4 Bxh4
40. gxh4 c4 41. Ke3 cxd3 42. b3 d2 43. Kxd2 Ke4 44. b4 axb4 45. cxb4 Kd4 0-1